<?xml version="1.0" encoding="UTF-8"?>
<record
    xmlns:xsi="http://www.w3.org/2001/XMLSchema-instance"
    xsi:schemaLocation="http://www.loc.gov/MARC21/slim http://www.loc.gov/standards/marcxml/schema/MARC21slim.xsd"
    xmlns="http://www.loc.gov/MARC21/slim">

  <leader>01912nam a2200265 i 4500</leader>
  <controlfield tag="001">000000634</controlfield>
  <controlfield tag="003">DO-SdBNP</controlfield>
  <controlfield tag="005">20260120073949.0</controlfield>
  <controlfield tag="007">ta</controlfield>
  <controlfield tag="008">090331s1991    dr a          000 0 spa d</controlfield>
  <datafield tag="040" ind1=" " ind2=" ">
    <subfield code="a">DO-SdBNP</subfield>
    <subfield code="b">spa</subfield>
    <subfield code="c">BNPHU</subfield>
    <subfield code="e">rda</subfield>
  </datafield>
  <datafield tag="082" ind1=" " ind2="4">
    <subfield code="a">243</subfield>
    <subfield code="b">E74p</subfield>
    <subfield code="2">22</subfield>
  </datafield>
  <datafield tag="100" ind1="1" ind2=" ">
    <subfield code="a">Escapa Aparicio, Amancio,</subfield>
    <subfield code="c">O.C.D.</subfield>
    <subfield code="9">2130</subfield>
    <subfield code="e">autor</subfield>
    <subfield code="4">aut.</subfield>
  </datafield>
  <datafield tag="245" ind1="1" ind2="0">
    <subfield code="a">Palabras en ruta /</subfield>
    <subfield code="c">Amancio Escapa Aparicio.</subfield>
  </datafield>
  <datafield tag="264" ind1=" " ind2="1">
    <subfield code="a">Santo Domingo, Rep&#xFA;blica Dominicana </subfield>
    <subfield code="b">Editora Susaeta,</subfield>
    <subfield code="c">1991.</subfield>
  </datafield>
  <datafield tag="300" ind1=" " ind2=" ">
    <subfield code="a">329 p&#xE1;ginas :</subfield>
    <subfield code="b">ilustraciones ;</subfield>
    <subfield code="c">20 cm.</subfield>
  </datafield>
  <datafield tag="336" ind1=" " ind2=" ">
    <subfield code="a">texto</subfield>
    <subfield code="b">txt</subfield>
    <subfield code="2">rdacontent</subfield>
  </datafield>
  <datafield tag="337" ind1=" " ind2=" ">
    <subfield code="a">sin mediaci&#xF3;n</subfield>
    <subfield code="b">n</subfield>
    <subfield code="2">rdamedia</subfield>
  </datafield>
  <datafield tag="338" ind1=" " ind2=" ">
    <subfield code="a">volumen</subfield>
    <subfield code="b">nc</subfield>
    <subfield code="2">rdacarrier</subfield>
  </datafield>
  <datafield tag="505" ind1="0" ind2=" ">
    <subfield code="a">Introducci&#xF3;n --</subfield>
    <subfield code="t">Gritos en el desierto --</subfield>
    <subfield code="t">&#xBF;A qui&#xE9;n esperan? --</subfield>
    <subfield code="t">Les anuncio un gran gozo --</subfield>
    <subfield code="t">Escuchar para vivir --</subfield>
    <subfield code="t">Ser&#xE1;n mis testigos --</subfield>
    <subfield code="t">Es cuesti&#xF3;n de fe --</subfield>
    <subfield code="t">Amar es...saber decir t&#xFA; --</subfield>
    <subfield code="t">La buena noticia --</subfield>
    <subfield code="t">Misi&#xF3;n imposible --</subfield>
    <subfield code="t">&#xBF;Cu&#xE1;ndo aprenderemos? --</subfield>
    <subfield code="t">Aprender a escuchar --</subfield>
    <subfield code="t">Dios no veranea --</subfield>
    <subfield code="t">Modelos a imitar --</subfield>
    <subfield code="t">Mensajero de paz --</subfield>
    <subfield code="t">De la promesa a la realidad --</subfield>
    <subfield code="t">&#xBF;A qui&#xE9;n acudimos? --</subfield>
    <subfield code="t">Cuidado con las apariencias --</subfield>
    <subfield code="t">Divagando --</subfield>
    <subfield code="t">Escuchar para hablar --</subfield>
    <subfield code="t">Un reto --</subfield>
    <subfield code="t">Ir contra corriente --</subfield>
    <subfield code="t">No es de los nuestros --</subfield>
    <subfield code="t">Somos tres --</subfield>
    <subfield code="t">Caminos dif&#xED;ciles --</subfield>
    <subfield code="t">Al estilo humano --</subfield>
    <subfield code="t">Iglesia misionera --</subfield>
    <subfield code="t">La aventura de vivir --</subfield>
    <subfield code="t">La esperanza cristiana --</subfield>
    <subfield code="t">Vidas normales --</subfield>
    <subfield code="t">Gracias --</subfield>
    <subfield code="t">El Reino de Dios es nuestro --</subfield>
    <subfield code="t">Familia y vocaci&#xF3;n religiosa --</subfield>
    <subfield code="t">A&#xF1;o lit&#xFA;rgico --</subfield>
    <subfield code="t">Doble dimensi&#xF3;n --</subfield>
    <subfield code="t">Actualidad de unos gritos --</subfield>
    <subfield code="t">&#xBF;Qu&#xE9; hacemos? --</subfield>
    <subfield code="t">Al doblar de la esquina --</subfield>
    <subfield code="t">P&#xE1;ginas en blanco --</subfield>
    <subfield code="t">&#xA1;Qu&#xE9; buenos son los Reyes Magos! --</subfield>
    <subfield code="t">Nacidos para la fraternidad --</subfield>
    <subfield code="t">El cambio --</subfield>
    <subfield code="t">La monta&#xF1;a --</subfield>
    <subfield code="t">&#xBF;Seguridad? --</subfield>
    <subfield code="t">Noticia viva --</subfield>
    <subfield code="t">Gritos de j&#xFA;bilo --</subfield>
    <subfield code="t">&#xA1;Resucit&#xF3;! &#xA1;Aleluya! --</subfield>
  </datafield>
  <datafield tag="590" ind1=" " ind2=" ">
    <subfield code="a">Inventariado, 2018/BT</subfield>
  </datafield>
  <datafield tag="650" ind1=" " ind2="0">
    <subfield code="a">Vida espiritual</subfield>
    <subfield code="9">268</subfield>
  </datafield>
  <datafield tag="650" ind1=" " ind2="4">
    <subfield code="a">Literatura cristiana</subfield>
    <subfield code="9">2131</subfield>
  </datafield>
  <datafield tag="942" ind1=" " ind2=" ">
    <subfield code="2">ddc</subfield>
    <subfield code="c">LBS1</subfield>
  </datafield>
  <datafield tag="952" ind1=" " ind2=" ">
    <subfield code="0">0</subfield>
    <subfield code="1">0</subfield>
    <subfield code="2">ddc</subfield>
    <subfield code="5">1</subfield>
    <subfield code="7">0</subfield>
    <subfield code="8">PD</subfield>
    <subfield code="a">BNPHU</subfield>
    <subfield code="b">BNPHU</subfield>
    <subfield code="c">HD</subfield>
    <subfield code="d">2009-08-21</subfield>
    <subfield code="l">0</subfield>
    <subfield code="o">BNPHU PD 243 E74p</subfield>
    <subfield code="p">634-10</subfield>
    <subfield code="r">2020-06-25</subfield>
    <subfield code="w">2020-06-25</subfield>
    <subfield code="y">LBS1</subfield>
    <subfield code="Z">No se presta</subfield>
  </datafield>
  <datafield tag="952" ind1=" " ind2=" ">
    <subfield code="0">0</subfield>
    <subfield code="1">0</subfield>
    <subfield code="2">ddc</subfield>
    <subfield code="5">1</subfield>
    <subfield code="7">0</subfield>
    <subfield code="8">PD</subfield>
    <subfield code="a">BNPHU</subfield>
    <subfield code="b">BNPHU</subfield>
    <subfield code="c">HD</subfield>
    <subfield code="d">2023-07-25</subfield>
    <subfield code="e">Donaci&#xF3;n</subfield>
    <subfield code="l">0</subfield>
    <subfield code="o">BNPHU PD 243 E74p</subfield>
    <subfield code="p">634-20</subfield>
    <subfield code="r">2023-07-25</subfield>
    <subfield code="t">e.2</subfield>
    <subfield code="w">2023-07-25</subfield>
    <subfield code="y">LBS1</subfield>
  </datafield>
  <datafield tag="999" ind1=" " ind2=" ">
    <subfield code="c">632</subfield>
    <subfield code="d">632</subfield>
  </datafield>
</record>
